|
|
|
|
| LEADER |
00000nam a2200000 a 4500 |
| 001 |
vtls010635186 |
| 003 |
SK-MaSNL |
| 005 |
20260301140021.0 |
| 008 |
240314s2014 xo g 000 j slo |
| 015 |
|
|
|a SNBA2015/02
|
| 020 |
|
|
|a 9788081143922
|q (brož.)
|
| 035 |
|
|
|a 50E6DFE4-3ADD-4BD8-95B8-8702FB642346
|
| 035 |
|
|
|a urn:nbn:sk:snk-amjp1y
|
| 035 |
|
|
|a urn:nbn:sk:snk-am0011ev
|
| 040 |
|
|
|a SNK
|b slo
|c SNK
|e AACR2
|
| 041 |
1 |
|
|a slo
|h rus
|
| 044 |
|
|
|a xo
|c SK
|
| 072 |
|
7 |
|a 821.161.1-3
|x Ruská próza
|2 konspekt
|
| 080 |
|
|
|a 821.161.1-32
|2 2001
|
| 080 |
|
|
|a (0:82-32)
|2 2001
|
| 100 |
1 |
|
|a Poľakov, Jurij,
|d 1954-
|4 aut
|9 331904
|
| 240 |
1 |
0 |
|a Nebo padšich
|l Slovensky
|
| 245 |
1 |
0 |
|a Nebo padlých
|c Jurij Poľakov ; [z ruského originálu preložil Ján Štrasser]
|
| 250 |
|
|
|a 1. vyd.
|
| 260 |
|
|
|a Bratislava
|b Marenčin PT
|c 2014
|
| 300 |
|
|
|a 253 s.
|c 17 cm
|
| 655 |
|
7 |
|a ruské novely
|2 SNKPH
|9 70632
|
| 655 |
|
7 |
|a Russian novellas
|2 SNKPHeng
|9 297659
|
| 700 |
1 |
|
|a Štrasser, Ján,
|d 1946-
|4 trl
|9 93512
|
| 919 |
|
|
|a 978-80-8114-392-2
|
| 958 |
|
|
|a TL
|
| 958 |
|
|
|a UP
|
| 958 |
|
|
|a LX
|
| 968 |
|
|
|b RUS
|
| 999 |
|
|
|c 762162
|d 764092
|
| 952 |
|
|
|a SNK
|b SNK
|y PREZ
|7 0
|p 17A1136085
|o snkSD 83880
|i snk2015/2373
|8 0
|0 0
|1 0
|4 0
|d 2015-01-26
|f 1
|l 0
|r 2017-06-30 00:00:00
|w 2026-02-24
|
| 952 |
|
|
|a SNK
|b SNK
|y VYP
|7 0
|p 17A1136084
|o snkSD 83880 D1
|i snk2015/2375
|8 0
|0 0
|1 0
|4 0
|d 2015-01-26
|l 0
|r 2017-06-30 00:00:00
|w 2026-02-24
|